MARC details
| 000 -CABECERA |
| campo de control de longitud fija |
02095nam a2200385 i 4500 |
| 001 - NÚMERO DE CONTROL |
| campo de control |
000030204 |
| 003 - IDENTIFICADOR DEL NÚMERO DE CONTROL |
| campo de control |
DO-SdBNP |
| 005 - FECHA Y HORA DE LA ÚLTIMA TRANSACCIÓN |
| campo de control |
20260325092010.0 |
| 006 - CÓDIGOS DE INFORMACIÓN DE LONGITUD FIJA--CARACTERÍSTICAS DEL MATERIAL ADICIONAL |
| campo de control de longitud fija |
a||||fr|||| 00| 0 |
| 007 - CAMPO FIJO DE DESCRIPCIÓN FÍSICA--INFORMACIÓN GENERAL |
| campo de control de longitud fija |
ta |
| 008 - DATOS DE LONGITUD FIJA--INFORMACIÓN GENERAL |
| campo de control de longitud fija |
110504e2007 dr ab r 000 0 spa d |
| 040 ## - FUENTE DE LA CATALOGACIÓN |
| Centro catalogador/agencia de origen |
DO-SdBNP |
| Lengua de catalogación |
spa |
| Centro/agencia transcriptor |
BNPHU |
| Normas de descripción |
rda |
| 041 ## - CÓDIGO DE LENGUA |
| Código de lengua del texto/banda sonora o título independiente |
spa |
| 082 #4 - NÚMERO DE LA CLASIFICACIÓN DECIMAL DEWEY |
| Número de clasificación |
347.729301 |
| Número de documento/Ítem |
R426d 2007 |
| Número de edición |
22 |
| 110 ## - ENTRADA PRINCIPAL--NOMBRE DE ENTIDAD CORPORATIVA |
| Nombre de entidad corporativa o nombre de jurisdicción como elemento de entrada |
República Dominicana. |
| Unidad subordinada |
Suprema Corte de Justicia |
| 9 (RLIN) |
7906 |
| 245 10 - MENCIÓN DE TÍTULO |
| Título |
Directorio judicial dominicano / |
| Mención de responsabilidad, etc. |
presentación, Jorge A. Subero Isa ; editor, Dilenia Lorenzo, Altagracia Núñez, José Pérez N. |
| 250 ## - MENCIÓN DE EDICIÓN |
| Mención de edición |
Segunda edición |
| 264 #1 - PRODUCCIÓN, PUBLICACIÓN, DISTRIBUCIÓN, FABRICACIÓN Y COPYRIGHT |
| Producción, publicación, distribución, fabricación y copyright |
Santo Domingo : |
| Nombre del de productor, editor, distribuidor, fabricante |
Suprema Corte de Justicia, |
| Fecha de producción, publicación, distribución, fabricación o copyright |
2007. |
| 300 ## - DESCRIPCIÓN FÍSICA |
| Extensión |
171 páginas : |
| Otras características físicas |
ilustraciones, mapa ; |
| Dimensiones |
21 cm. |
| 336 ## - TIPO DE CONTENIDO |
| Fuente |
rdacontent |
| Término de tipo de contenido |
texto |
| Código de tipo de contenido |
txt |
| 337 ## - TIPO DE MEDIO |
| Fuente |
rdamedia |
| Nombre/término del tipo de medio |
sin mediación |
| Código del tipo de medio |
n |
| 338 ## - TIPO DE SOPORTE |
| Fuente |
rdacarrier |
| Nombre/término del tipo de soporte |
volumen |
| Código del tipo de soporte |
nc |
| 500 ## - NOTA GENERAL |
| Nota general |
Incluye glosario. |
| 505 0# - NOTA DE CONTENIDO CON FORMATO |
| Nota de contenido con formato |
Departamento Judicial de Barahona.-- Departamento Judicial del Distrito Nacional.-- Departamento Judicial de la Vega.-- Departamento Judicial de Montecristi.-- Departamento Judicial de San Cristóbal.-- Departamento Judicial de San Francisco de Macorís.-- Departamento Judicial de San Juan de la Maguana.-- Departamento Judicial de San Pedro de Macorís.-- Departamento Judicial de Santiago.-- Departamento Judicial de la Provincia de Santo Domingo.-- Directorio de Registradores de Títulos.--. Directorio de los encargados Administrativos a nivel nacional.-- Directorio de Correos Electrónicos.--Glosario.-- Anexo.-- Mapa Tribunal Superior de Tierras. |
| 590 ## - NOTA LOCAL (RLIN) |
| Nota local |
Inventariado 2024 / MF |
| 650 #0 - PUNTO DE ACCESO ADICIONAL DE MATERIA--TÉRMINO DE MATERIA |
| Término de materia o nombre geográfico como elemento de entrada |
Poder judicial |
| Subdivisión general |
Directorio |
| Subdivisión cronológica |
República Dominicana |
| 9 (RLIN) |
556 |
| 650 #4 - PUNTO DE ACCESO ADICIONAL DE MATERIA--TÉRMINO DE MATERIA |
| Fuente del encabezamiento o término |
República Dominicana |
| Subdivisión general |
Directorio Judicial |
| 9 (RLIN) |
86084 |
| 700 14 - PUNTO DE ACCESO ADICIONAL--NOMBRE DE PERSONA |
| Nombre de persona |
Subero Isa, Jorge A., |
| Fechas asociadas al nombre |
1947- |
| 9 (RLIN) |
76863 |
| Término indicativo de función/relación |
prologuista |
| 700 14 - PUNTO DE ACCESO ADICIONAL--NOMBRE DE PERSONA |
| Nombre de persona |
Lorenzo, Dilenia, |
| 9 (RLIN) |
86081 |
| Término indicativo de función/relación |
editor |
| 700 14 - PUNTO DE ACCESO ADICIONAL--NOMBRE DE PERSONA |
| Nombre de persona |
Núñez, Altagracia, |
| 9 (RLIN) |
86082 |
| Término indicativo de función/relación |
editor |
| 700 #4 - PUNTO DE ACCESO ADICIONAL--NOMBRE DE PERSONA |
| Nombre de persona |
Pérez N., José, |
| 9 (RLIN) |
86083 |
| Término indicativo de función/relación |
editor |
| 700 14 - PUNTO DE ACCESO ADICIONAL--NOMBRE DE PERSONA |
| Nombre de persona |
Centro de Documentación e Información Judicial Dominicano |
| 9 (RLIN) |
86085 |
| 910 ## - DATOS DE OPCIÓN DEL USUARIO (OCLC) |
| Datos de opción del usuario |
Validado. Control de Calidad/MAA |
| 942 ## - ELEMENTOS DE PUNTO DE ACCESO ADICIONAL (KOHA) |
| Fuente del sistema de clasificación o colocación |
Dewey Decimal Classification |
| Tipo de ítem Koha |
Libro |